Lgbtqia+ : mantenere la complessità /

LGBTQIA+ è una sigla che contiene tanti significati, uno strumento di rappresentazione per le soggettività che non si riconoscono nella norma eterocissessuale, secondo la quale tutte le persone dovrebbero essere eterosessuali e riconoscersi nel genere assegnato alla nascita. Spesso si obietta che qu...

Popoln opis

Shranjeno v:
Bibliografske podrobnosti
Glavni avtor: Caruso, Antonia (Author)
Format: Knjiga
Jezik:italijanščina
Izdano: Torino : Eris, 2023
Izdaja:2. ed
Serija:BookBlock ; 26
Teme:
Oznake: Označite
Brez oznak, prvi označite!

MARC

LEADER 00000nam a22000007i 4500
001 IT\ICCU\RE2\0010423
003 ItRI
005 20260115232214.0
008 240104s2023 it |||||| ||||| |||||c
020 |a 9791280495457 
040 |b ita  |c importazione bologna sebina 
041 7 |a ita  |2 ISO-639-2 
100 1 |a Caruso, Antonia  |0 IT\ICCU\RAVV\693652  |4 aut 
240 1 0 |a Lgbtqia+  |3 IT\ICCU\UBO\4602424  |9 Caruso, Antonia 
245 1 0 |a Lgbtqia+ :  |b mantenere la complessità /  |c Antonia Caruso. 
250 |a 2. ed 
260 |a Torino :  |b Eris,  |c 2023 
300 |a 62 p. ;  |c 17 cm 
520 |a LGBTQIA+ è una sigla che contiene tanti significati, uno strumento di rappresentazione per le soggettività che non si riconoscono nella norma eterocissessuale, secondo la quale tutte le persone dovrebbero essere eterosessuali e riconoscersi nel genere assegnato alla nascita. Spesso si obietta che questa sigla non è chiara, che c'è un controsenso tra il pretendere una libertà e utilizzare delle lettere che sembrano creare delle categorie. Ma le lettere che compongono questa sigla rappresentano una possibilità di rappresentazione e autodeterminazione, oltre che di creazione di diverse comunità. La sigla non raccoglie una singola comunità, con regole e dettami univoci, ma richiama un universo di possibilità. Questo libro, utilizzando una forma frammentaria che raccoglie eventi storici, citazioni, racconti di pratiche ed esperienze collettive, cerca di comunicare che cosa questa sigla vuole significare davvero e come è nata la necessità di riconoscersi in essa. Qui dentro non troverete categorizzazioni o norme, ma prima di tutto il tentativo di mantenere una complessità che rappresenta le persone, e che non vuole essere ridotta né annullata. 
650 7 |a LGBTQIA+  |2 nsbncf 
830 0 |a BookBlock ;  |v 26  |0 IT\ICCU\PUV\1532433 
942 |2 ddc  |c BK  |n 0 
952 |0 0  |1 0  |4 0  |6 DOC_306_760000000000000_CAR  |7 0  |9 21940  |a BO  |b BO  |d 2026-01-15  |i 20190  |l 0  |o DOC 306.760 CAR  |p BO20190  |r 2026-01-15 23:22:14  |w 2026-01-15  |x [Sebina 5] [1 v.]  |y BK  |z 1 v. 
999 |c 18758  |d 18758